000 00416pam a2200157a 44500
008 230515b2008 xxu||||| |||| 00| 0 eng d
020 _aNULL
041 _aENGLISH
082 _a620.5/SWE
100 _aALDRIN E SWEENEY & SUDIPTA SEAL
245 _aNANOSCALE SCINCE AND ENGINEERING EDUCATION
250 _a0
260 _aDELHI
_bAMERICAN SOCIETY FOR MICROBIOLOGY
_c2008
300 _aXXXII-677
650 _aNULL
999 _c652934
_d652934